01117nam a22001577a 4500003000500000005001700005008004100022020001800063050002000081245008100101250001300182260005600195300003100251520063300282650004400915SISC20160622142547.0160616b xxu||||| |||| 00| 0 eng d a9789814512671 aQA 43 T236 2014 aSecondary two normal technical mathematics examination papers /cS. S. Tay.  a4th ed.  aSingapore : bEducational Publishing House, c2014. a140 p. :bill. ; c26 cm.  aMathematics Examination Papers is specially written according to the latest guidelines issued by the Ministry of Education. It provides a comprehensive coverage of the topics taught in the Normal (Technical) stream. It comprises 8 sets of examination practice papers to familiarise students with the types of questions commonly set in the examinations. Each set of examination practice paper contains Paper 1 and Paper 2. Students will gain confidence and do well in their examinations and tests after working through all the questions in this book. Full worked solutions are provided to facilitate self-checking or marking.  aMathematics--Examinations--Periodicals.